The mathematics of nonlinear programming
Αποθηκεύτηκε σε:
| Κύριος συγγραφέας: | |
|---|---|
| Άλλοι συγγραφείς: | , |
| Μορφή: | Βιβλίο |
| Γλώσσα: | English |
| Δημοσίευση: |
New York :
Springer-Verlag,
c1988 (1993 printing)
|
| Έκδοση: | Cor. 2nd pr. |
| Σειρά: | Undergraduate texts in mathematics
|
| Θέματα: | |
| Ετικέτες: |
Προσθήκη ετικέτας
Δεν υπάρχουν, Καταχωρήστε ετικέτα πρώτοι!
|
MARC
| LEADER | 00000nam a2200000 i 4500 | ||
|---|---|---|---|
| 001 | 1/31803 | ||
| 008 | 941103s1988 eng d | ||
| 020 | |a 0387966145 | ||
| 035 | |l 10038927 | ||
| 035 | |a 1993 | ||
| 040 | |a GR-MY-UA |b gre |e aacr | ||
| 041 | 0 | |a eng | |
| 082 | 0 | |a 519.76 |2 (20) | |
| 100 | 1 | |a Peressini, Anthony L. | |
| 245 | 1 | 4 | |a The mathematics of nonlinear programming / |c Anthony L. Peressini, Francis E. Sullivan, J.J. Uhl, Jr |
| 250 | |a Cor. 2nd pr. | ||
| 260 | |a New York : |b Springer-Verlag, |c c1988 (1993 printing) | ||
| 300 | |a x, 273 p.; |b ill.; |c 25 cm. | ||
| 490 | 1 | |a Undergraduate texts in mathematics | |
| 500 | |a "Corrected second printing"--T.p. verso | ||
| 500 | |a Includes index | ||
| 650 | 0 | 0 | |a Mathematical optimization. |
| 650 | 0 | 0 | |a Nonlinear programming. |
| 700 | 1 | |a Sullivan, Francis E. | |
| 700 | 1 | |a Uhl, J. J. |q (John Jerry) | |
| 830 | 0 | |a Undergraduate texts in mathematics | |
| 852 | |a INST |b SAMOS |e 19941103 |h 519.76 PER |p 005300006809 |q 005300006809 |t BK |y 0 | ||
| 909 | |a Σ |b 029430 | ||